[Event "10. Nordic Cup"]
[Site "Pohja"]
[Date "1985.10.??"]
[Round "1.1"]
[White "Agdestein, Espen"]
[Black "Hansen, Curt "]
[Result "1/2-1/2"]
[WhiteElo "2325"]
[BlackElo "2500"]
[PlyCount "29"]
[EventDate "1985.10.??"]
[EventType "team-tourn"]
[EventRounds "7"]
[EventCountry "FIN"]
[WhiteTeam "Norge"]
[BlackTeam "Danmark"]
[WhiteTeamCountry "NOR"]
[BlackTeamCountry "DEN"]

1. d4 Nf6 2. c4 e6 3. Nc3 Bb4 4. Qc2 c5 5. dxc5 O-O 6. Nf3 Na6 7. e3 Nxc5 8.
Bd2 b6 9. Be2 Bb7 10. a3 Bxc3 11. Bxc3 d5 12. O-O dxc4 13. Bxc4 Rc8 14. Rfd1
Qe7 15. Qe2 1/2-1/2

[Event "10. Nordic Cup"]
[Site "Pohja"]
[Date "1985.10.??"]
[Round "1.2"]
[White "Hoi, Carsten"]
[Black "Oestenstad, Berge "]
[Result "0-1"]
[WhiteElo "2420"]
[BlackElo "2365"]
[PlyCount "114"]
[EventDate "1985.10.??"]
[EventType "team-tourn"]
[EventRounds "7"]
[EventCountry "FIN"]
[WhiteTeam "Danmark"]
[BlackTeam "Norge"]
[WhiteTeamCountry "DEN"]
[BlackTeamCountry "NOR"]

1. d4 Nf6 2. Nc3 d5 3. Bg5 Nbd7 4. Nf3 c6 5. e3 g6 6. Bd3 Bg7 7. O-O O-O 8. Re1
Re8 9. h3 Qb6 10. Rb1 e5 11. dxe5 Nxe5 12. Nxe5 Rxe5 13. Bh4 Re8 14. Bg3 Be6
15. Qf3 Nd7 16. a3 f5 17. Ne2 Nc5 18. Nf4 Bf7 19. h4 Ne4 20. Bxe4 dxe4 21. Qe2
Rad8 22. Red1 Rxd1+ 23. Rxd1 Qxb2 24. Rd7 Qc1+ 25. Kh2 b5 26. f3 Bc4 27. Qf2
Qxa3 28. fxe4 a5 29. h5 fxe4 30. hxg6 Qc5 31. gxh7+ Kh8 32. Bh4 Qf5 33. Ra7 a4
34. Qg3 Bf7 35. Nh3 Be5 36. Nf4 Bb8 37. Rb7 a3 38. Qg5 Qxg5 39. Bxg5 Rf8 40.
Bh6 a2 41. Bxf8 a1=Q 42. Rxf7 Bxf4+ 43. exf4 Qd1 44. Rc7 e3 45. Rxc6 e2 46. Bb4
e1=Q 47. Bxe1 Qxe1 48. Rb6 Qb4 49. g3 Qc5 50. Rb8+ Kxh7 51. Kh3 Qf5+ 52. Kh4
Qxc2 53. Rxb5 Qh2+ 54. Kg5 Qxg3+ 55. Kh5 Qxf4 56. Rb7+ Kg8 57. Rg7+ Kf8 0-1

[Event "10. Nordic Cup"]
[Site "Pohja"]
[Date "1985.10.??"]
[Round "1.3"]
[White "Elseth, Roar "]
[Black "Mortensen, Erling "]
[Result "0-1"]
[WhiteElo "2255"]
[BlackElo "2450"]
[PlyCount "50"]
[EventDate "1985.10.??"]
[EventType "team-tourn"]
[EventRounds "7"]
[EventCountry "FIN"]
[WhiteTeam "Norge"]
[BlackTeam "Danmark"]
[WhiteTeamCountry "NOR"]
[BlackTeamCountry "DEN"]

1. e4 e5 2. Nf3 Nc6 3. Bb5 f5 4. Nc3 fxe4 5. Nxe4 Nf6 6. Qe2 d5 7. Neg5 Bd6 8.
Nxe5 O-O 9. Bxc6 Bxe5 10. Ba4 Qd6 11. h3 c6 12. O-O Bf5 13. d3 Rae8 14. Qd1 Bg6
15. d4 Bh2+ 16. Kh1 h6 17. Nf3 Bh5 18. Be3 Bf4 19. Bxf4 Qxf4 20. Qd2 Ne4 21.
Qxf4 Rxf4 22. Rae1 Bxf3 23. gxf3 Rxf3 24. Kg2 Ref8 25. Bb3 Nd2 0-1

[Event "10. Nordic Cup"]
[Site "Pohja"]
[Date "1985.10.??"]
[Round "1.5"]
[White "Dahl, Ingrid "]
[Black "Hoiberg, Nina "]
[Result "0-1"]
[WhiteElo "1910"]
[BlackElo "2180"]
[PlyCount "87"]
[EventDate "1985.10.??"]
[EventType "team-tourn"]
[EventRounds "7"]
[EventCountry "FIN"]
[WhiteTeam "Norge"]
[BlackTeam "Danmark"]
[WhiteTeamCountry "NOR"]
[BlackTeamCountry "DEN"]

1. e4 e5 2. Nf3 Nc6 3. Bb5 Bc5 4. c3 Nf6 5. O-O O-O 6. d4 Bb6 7. dxe5 Nxe4 8.
Qc2 d5 9. exd6 Bf5 10. Bd3 Re8 11. Nbd2 Nxd2 12. Bxd2 Bxd3 13. Qxd3 Qxd6 14.
Qxd6 cxd6 15. Rfe1 Ne5 16. Nxe5 dxe5 17. Rad1 Rad8 18. Be3 Bxe3 19. fxe3 f5 20.
Kf2 Kf7 21. Ke2 Ke6 22. c4 g5 23. b4 h5 24. Rxd8 Rxd8 25. Rd1 Rxd1 26. Kxd1 e4
27. Ke2 f4 28. h3 Ke5 29. Kf2 Kf5 30. a3 Ke5 31. Ke2 Ke6 32. Ke1 h4 33. Kf1 Ke5
34. Ke2 Kf6 35. Kf1 Ke5 36. Ke2 Kf6 37. Kf1 a6 38. Ke1 Kf5 39. Kf2 Kf6 40. Kf1
g4 41. exf4 Kf5 42. hxg4+ Kxg4 43. c5 e3 44. Ke2 0-1

[Event "10. Nordic Cup"]
[Site "Pohja"]
[Date "1985.10.??"]
[Round "2.1"]
[White "Hansen, Curt "]
[Black "Paavilainen, Jorma "]
[Result "1-0"]
[WhiteElo "2500"]
[BlackElo "2315"]
[PlyCount "101"]
[EventDate "1985.10.??"]
[EventType "team-tourn"]
[EventRounds "7"]
[EventCountry "FIN"]
[WhiteTeam "Danmark"]
[BlackTeam "Finland 2"]
[WhiteTeamCountry "DEN"]
[BlackTeamCountry "FIN"]

1. d4 Nf6 2. c4 c5 3. d5 e6 4. Nc3 exd5 5. cxd5 d6 6. Nf3 g6 7. e4 Bg7 8. Be2
O-O 9. O-O Re8 10. Nd2 Na6 11. f3 Nc7 12. a4 b6 13. Nc4 Ba6 14. Bg5 h6 15. Be3
Bxc4 16. Bxc4 a6 17. Qd2 Kh7 18. Rab1 Qd7 19. b4 b5 20. Be2 c4 21. Rbe1 Qe7 22.
Bd4 Rab8 23. a5 Qf8 24. Bd1 Qh8 25. f4 Nd7 26. Bxg7 Qxg7 27. Bc2 Kh8 28. Re3
Nf6 29. Rfe1 Rbd8 30. Ne2 Ng8 31. Rf1 Nf6 32. Re1 Ng8 33. Nd4 Ne7 34. h3 Nexd5
35. exd5 Rxe3 36. Rxe3 Nxd5 37. Nf5 Qa1+ 38. Re1 Qc3 39. Qxc3+ Nxc3 40. Ne7 d5
41. Nc6 Rc8 42. Nd4 Na2 43. Rb1 Re8 44. Kf2 Nc3 45. Re1 Rd8 46. Ra1 f5 47. g4
Re8 48. Kf3 fxg4+ 49. hxg4 Kg7 50. Ra3 Ne4 51. Re3 1-0

[Event "10. Nordic Cup"]
[Site "Pohja"]
[Date "1985.10.??"]
[Round "2.2"]
[White "Pyhala, Antti "]
[Black "Hoi, Carsten"]
[Result "1-0"]
[WhiteElo "2350"]
[BlackElo "2420"]
[PlyCount "85"]
[EventDate "1985.10.??"]
[EventType "team-tourn"]
[EventRounds "7"]
[EventCountry "FIN"]
[WhiteTeam "Finland 2"]
[BlackTeam "Danmark"]
[WhiteTeamCountry "FIN"]
[BlackTeamCountry "DEN"]

1. e4 g6 2. d4 Bg7 3. f4 c6 4. Nf3 d5 5. e5 h5 6. Bd3 Nh6 7. Be3 Bg4 8. h3 Bxf3
9. Qxf3 e6 10. g3 Nd7 11. Nd2 Rc8 12. g4 c5 13. c3 cxd4 14. cxd4 Nb6 15. Ke2 h4
16. Rhg1 Kf8 17. f5 exf5 18. gxf5 Nxf5 19. Bxf5 gxf5 20. Qg2 Rh7 21. Bh6 Bxh6
22. Qg8+ Ke7 23. Qxh7 Bxd2 24. Qxh4+ Ke6 25. Qxd8 Rxd8 26. Kxd2 Rh8 27. Rg3 Rh4
28. Kd3 Nc4 29. b3 Na5 30. Kc3 Nc6 31. Rd3 a5 32. a3 b5 33. b4 a4 34. Rg1 Ne7
35. Rg2 Ng6 36. Rc2 f4 37. Rf3 Kf5 38. Kd3 Rh8 39. Rc6 Kg5 40. Rf6 Rh7 41. Ke2
Rg7 42. Rf1 Rh7 43. Rg1+ 1-0

[Event "10. Nordic Cup"]
[Site "Pohja"]
[Date "1985.10.??"]
[Round "2.5"]
[White "Hoiberg, Nina "]
[Black "Ristoja, Aulikki "]
[Result "1-0"]
[WhiteElo "2180"]
[BlackElo "1905"]
[PlyCount "77"]
[EventDate "1985.10.??"]
[EventType "team-tourn"]
[EventRounds "7"]
[EventCountry "FIN"]
[WhiteTeam "Danmark"]
[BlackTeam "Finland 2"]
[WhiteTeamCountry "DEN"]
[BlackTeamCountry "FIN"]

1. e4 d6 2. d4 g6 3. Nc3 Bg7 4. f4 b6 5. Nf3 Ba6 6. Bxa6 Nxa6 7. O-O c5 8. d5
Qd7 9. e5 O-O-O 10. Ng5 e6 11. dxe6 fxe6 12. Qe2 Nc7 13. exd6 Bxc3 14. dxc7
Bd4+ 15. Kh1 Re8 16. Qa6+ Kxc7 17. Qxa7+ Kc6 18. Qxd7+ Kxd7 19. Nf7 Ne7 20.
Nxh8 Bxh8 21. a4 Nc6 22. Bd2 Ra8 23. Rfd1 Kc7 24. Bc3 Bxc3 25. bxc3 Ne7 26. g3
Nd5 27. Re1 Nxc3 28. Rxe6 Nxa4 29. Re7+ Kd6 30. Rxh7 b5 31. Rd1+ Kc6 32. Rg7 b4
33. Rxg6+ Kb5 34. f5 Nc3 35. Rf1 Nd5 36. Re6 Kc4 37. f6 Kc3 38. f7 Kxc2 39. Re8
1-0

[Event "10. Nordic Cup"]
[Site "Pohja"]
[Date "1985.10.??"]
[Round "3.2"]
[White "Hoi, Carsten"]
[Black "Schuessler, Harry "]
[Result "1/2-1/2"]
[WhiteElo "2420"]
[BlackElo "2465"]
[PlyCount "48"]
[EventDate "1985.10.??"]
[EventType "team-tourn"]
[EventRounds "7"]
[EventCountry "FIN"]
[WhiteTeam "Danmark"]
[BlackTeam "Sverige"]
[WhiteTeamCountry "DEN"]
[BlackTeamCountry "SWE"]

1. d4 Nf6 2. c4 e6 3. Nc3 d5 4. Bg5 Be7 5. e3 O-O 6. Nf3 h6 7. Bh4 b6 8. Bd3
Bb7 9. O-O Nbd7 10. Qe2 c5 11. Rfd1 Ne4 12. Bxe7 Qxe7 13. Rac1 cxd4 14. exd4
Nxc3 15. bxc3 dxc4 16. Bxc4 Qd6 17. Ba6 Bxa6 18. Qxa6 Rfc8 19. Qe2 Rc7 20. c4
Rac8 21. Rc3 Qb4 22. Rdc1 Qa4 23. h3 Qa6 24. Qd3 Nf6 1/2-1/2

[Event "10. Nordic Cup"]
[Site "Pohja"]
[Date "1985.10.??"]
[Round "3.3"]
[White "Wiedenkeller, Michael "]
[Black "Mortensen, Erling "]
[Result "1-0"]
[WhiteElo "2465"]
[BlackElo "2450"]
[PlyCount "77"]
[EventDate "1985.10.??"]
[EventType "team-tourn"]
[EventRounds "7"]
[EventCountry "FIN"]
[WhiteTeam "Sverige"]
[BlackTeam "Danmark"]
[WhiteTeamCountry "SWE"]
[BlackTeamCountry "DEN"]

1. d4 Nf6 2. c4 g6 3. Nc3 Bg7 4. e4 d6 5. f3 O-O 6. Be3 e5 7. Nge2 c6 8. Qd2
Nbd7 9. O-O-O a6 10. Kb1 b5 11. Nc1 bxc4 12. dxe5 Nxe5 13. Qxd6 Qxd6 14. Rxd6
Be6 15. Be2 Rfb8 16. Kc2 Ne8 17. Rxe6 fxe6 18. f4 Nf7 19. Bxc4 Rb4 20. b3 Ned6
21. Bc5 Nxc4 22. Bxb4 Ne3+ 23. Kb1 Nxg2 24. N3e2 a5 25. Bc5 Rd8 26. Rg1 Rd2 27.
e5 Nh4 28. Be3 Rd8 29. Bb6 Ra8 30. Nd4 Bh6 31. Nce2 a4 32. b4 Bf8 33. a3 Ra6
34. Bc7 Nf5 35. Rc1 Ne7 36. Nxe6 Nd5 37. N2d4 Bh6 38. Nxc6 Bxf4 39. Nxf4 1-0

[Event "10. Nordic Cup"]
[Site "Pohja"]
[Date "1985.10.??"]
[Round "3.4"]
[White "Fedder, Steen "]
[Black "Renman, Nils Gustaf"]
[Result "1/2-1/2"]
[WhiteElo "2410"]
[BlackElo "2440"]
[PlyCount "41"]
[EventDate "1985.10.??"]
[EventType "team-tourn"]
[EventRounds "7"]
[EventCountry "FIN"]
[WhiteTeam "Danmark"]
[BlackTeam "Sverige"]
[WhiteTeamCountry "DEN"]
[BlackTeamCountry "SWE"]

1. d4 e6 2. c4 Nf6 3. Nc3 d5 4. Nf3 Be7 5. g3 O-O 6. Bg2 dxc4 7. Qa4 a6 8. Qxc4
b5 9. Qb3 Bb7 10. O-O Nbd7 11. Rd1 Qe8 12. Ne5 Bxg2 13. Nxd7 Qxd7 14. Kxg2 c5
15. dxc5 Qb7+ 16. f3 Bxc5 17. Bg5 Be7 18. Rd3 Rfd8 19. Rad1 Rxd3 20. Rxd3 Rd8
21. Rxd8+ 1/2-1/2

[Event "10. Nordic Cup"]
[Site "Pohja"]
[Date "1985.10.??"]
[Round "3.5"]
[White "Borisova, Borislava "]
[Black "Hoiberg, Nina "]
[Result "0-1"]
[WhiteElo "2130"]
[BlackElo "2180"]
[PlyCount "80"]
[EventDate "1985.10.??"]
[EventType "team-tourn"]
[EventRounds "7"]
[EventCountry "FIN"]
[WhiteTeam "Sverige"]
[BlackTeam "Danmark"]
[WhiteTeamCountry "SWE"]
[BlackTeamCountry "DEN"]

1. Nf3 Nc6 2. d4 d5 3. g3 Bf5 4. Bg2 h6 5. h4 Qd7 6. Na3 e6 7. Bf4 a6 8. c3 Nf6
9. Nc2 Ne4 10. Ne3 Bh7 11. h5 a5 12. Ng4 Ra6 13. Rc1 Rb6 14. b3 Ba3 15. Nfe5
Nxe5 16. Nxe5 Qe7 17. Rc2 Nd6 18. Nd3 Nb5 19. O-O O-O 20. Be3 Qf6 21. c4 Nxd4
22. Bxd4 Qxd4 23. cxd5 exd5 24. Rxc7 Bd6 25. Rc1 Bxg3 26. Nc5 Bh2+ 27. Kxh2
Qh4+ 28. Kg1 Rb4 29. Qxd5 Rd4 30. Qe5 b6 31. Ne4 Rxe4 32. Bxe4 Bxe4 33. Qh2
Qg4+ 34. Qg3 Qxh5 35. f3 Bg6 36. Rc6 Re8 37. Kf2 Qb5 38. Rc2 Bxc2 39. Re1 Qc5+
40. Kg2 Bg6 0-1

[Event "10. Nordic Cup"]
[Site "Pohja"]
[Date "1985.10.??"]
[Round "3.6"]
[White "Danielsen, Henrik "]
[Black "Hellers, Ferdinand "]
[Result "1-0"]
[WhiteElo "2365"]
[BlackElo "2380"]
[PlyCount "87"]
[EventDate "1985.10.??"]
[EventType "team-tourn"]
[EventRounds "7"]
[EventCountry "FIN"]
[WhiteTeam "Danmark"]
[BlackTeam "Sverige"]
[WhiteTeamCountry "DEN"]
[BlackTeamCountry "SWE"]

1. d4 Nf6 2. Nf3 g6 3. Bf4 Bg7 4. e3 O-O 5. Bd3 d5 6. Nbd2 c5 7. c3 Nc6 8. O-O
Nd7 9. Bg3 e5 10. dxe5 Ndxe5 11. Be2 Be6 12. Nxe5 Nxe5 13. Nf3 Nc4 14. Bxc4
dxc4 15. Bd6 Re8 16. Bxc5 Qa5 17. Bd4 Bf8 18. Nd2 f5 19. Qf3 Bd5 20. Qf4 Rad8
21. Rfe1 Bd6 22. Qh4 Be7 23. Qh3 Bf8 24. b3 b5 25. Nf3 Qc7 26. b4 a5 27. bxa5
Qxa5 28. Ng5 h6 29. Nf3 Qc7 30. Rab1 Rb8 31. Red1 Be4 32. Rb2 b4 33. Rbd2 b3
34. axb3 cxb3 35. Rb2 Bc2 36. Re1 Qh7 37. Ne5 Ba3 38. Qf3 Be4 39. Qe2 Bxb2 40.
Qc4+ Kf8 41. Bc5+ Kg7 42. Qf7+ Kh8 43. Nxg6+ Qxg6 44. Bd4+ 1-0

[Event "10. Nordic Cup"]
[Site "Pohja"]
[Date "1985.10.??"]
[Round "4.1"]
[White "Hansen, Curt "]
[Black "Rodgaard, John "]
[Result "1/2-1/2"]
[WhiteElo "2500"]
[BlackElo "2365"]
[PlyCount "78"]
[EventDate "1985.10.??"]
[EventType "team-tourn"]
[EventRounds "7"]
[EventCountry "FIN"]
[WhiteTeam "Danmark"]
[BlackTeam "Frerne"]
[WhiteTeamCountry "DEN"]
[BlackTeamCountry "FAI"]

1. Nf3 Nf6 2. d4 e6 3. c4 b6 4. Nc3 Bb7 5. a3 d5 6. cxd5 Nxd5 7. e3 Nd7 8. Bd3
c5 9. e4 Nxc3 10. bxc3 Be7 11. O-O O-O 12. Qe2 Qc7 13. Bb2 Rac8 14. Rfe1 Rfd8
15. Rad1 c4 16. Bc2 b5 17. e5 a5 18. Bc1 b4 19. axb4 axb4 20. cxb4 Bxf3 21.
Qxf3 Bxb4 22. Re4 Be7 23. h4 Qc6 24. Qe2 Nf8 25. h5 Rc7 26. Qg4 f5 27. exf6
Bxf6 28. Rf4 Be7 29. Rf3 Rcd7 30. Be3 Qb5 31. Rb1 Qa5 32. Be4 Qa2 33. Rxf8+
Kxf8 34. Qxe6 Rd6 35. Qf5+ Bf6 36. Qxh7 Bxd4 37. h6 Rxh6 38. Qf5+ Rf6 39. Qh3
Bxe3 1/2-1/2

[Event "10. Nordic Cup"]
[Site "Pohja"]
[Date "1985.10.??"]
[Round "4.2"]
[White "Hansen, Jens Christian "]
[Black "Hoi, Carsten"]
[Result "0-1"]
[WhiteElo "2215"]
[BlackElo "2420"]
[PlyCount "50"]
[EventDate "1985.10.??"]
[EventType "team-tourn"]
[EventRounds "7"]
[EventCountry "FIN"]
[WhiteTeam "Frerne"]
[BlackTeam "Danmark"]
[WhiteTeamCountry "FAI"]
[BlackTeamCountry "DEN"]

1. e4 g6 2. d4 Bg7 3. Nc3 d6 4. f4 Nf6 5. Nf3 O-O 6. Be3 c6 7. e5 Ng4 8. Bg1 c5
9. dxc5 dxe5 10. Qxd8 Rxd8 11. h3 e4 12. Nxe4 Bxb2 13. Rb1 Nf6 14. Bd3 Nxe4 15.
Bxe4 Bc3+ 16. Ke2 Nc6 17. Be3 Bg7 18. Rhd1 Rxd1 19. Rxd1 Be6 20. Bd5 Bxd5 21.
Rxd5 Kf8 22. Bd4 Nxd4+ 23. Nxd4 e6 24. Rd7 Ke8 25. c6 bxc6 0-1

[Event "10. Nordic Cup"]
[Site "Pohja"]
[Date "1985.10.??"]
[Round "4.5"]
[White "Hoiberg, Nina "]
[Black "Soerensen, P.."]
[Result "1-0"]
[WhiteElo "2180"]
[BlackElo "1905"]
[PlyCount "51"]
[EventDate "1985.10.??"]
[EventType "team-tourn"]
[EventRounds "7"]
[EventCountry "FIN"]
[WhiteTeam "Danmark"]
[BlackTeam "Frerne"]
[WhiteTeamCountry "DEN"]
[BlackTeamCountry "FAI"]

1. e4 e5 2. Nf3 d6 3. d4 exd4 4. Nxd4 g6 5. Nc3 Bg7 6. Bc4 Nc6 7. Be3 Nf6 8. f3
a6 9. Qd2 O-O 10. O-O-O Nxd4 11. Bxd4 b5 12. Bd5 Nxd5 13. Bxg7 Kxg7 14. Nxd5 f6
15. g4 Be6 16. Nf4 Bf7 17. h4 h6 18. Qc3 g5 19. hxg5 hxg5 20. Nh5+ Bxh5 21.
Rxh5 Kf7 22. Rh7+ Kg8 23. Rdh1 Rf7 24. Rh8+ Kg7 25. R1h7+ Kg6 26. Rxd8 1-0

[Event "10. Nordic Cup"]
[Site "Pohja"]
[Date "1985.10.??"]
[Round "5.2"]
[White "Hoi, Carsten"]
[Black "Sygulski, Artur "]
[Result "0-1"]
[WhiteElo "2420"]
[BlackElo "2425"]
[PlyCount "88"]
[EventDate "1985.10.??"]
[EventType "team-tourn"]
[EventRounds "7"]
[EventCountry "FIN"]
[WhiteTeam "Danmark"]
[BlackTeam "Polen"]
[WhiteTeamCountry "DEN"]
[BlackTeamCountry "POL"]

1. d4 Nf6 2. c4 g6 3. Nc3 d5 4. Nf3 Bg7 5. cxd5 Nxd5 6. e4 Nxc3 7. bxc3 c5 8.
Be3 O-O 9. Rc1 b6 10. Be2 Nd7 11. O-O Nf6 12. Nd2 Bb7 13. f3 cxd4 14. cxd4 Nh5
15. Nb3 f5 16. d5 Qd6 17. Qd2 fxe4 18. fxe4 Nf6 19. Bf3 Nd7 20. Nd4 Be5 21. g3
Nc5 22. Bg2 e6 23. Nb5 Qd7 24. Nc3 Rxf1+ 25. Rxf1 Qg7 26. Ne2 exd5 27. exd5 Rf8
28. Rd1 Re8 29. Nf4 Bc3 30. Qf2 g5 31. Ne6 Nxe6 32. dxe6 Bxg2 33. Kxg2 Qg6 34.
Bxg5 Qxe6 35. Bf4 Qe4+ 36. Kg1 Bb4 37. Bd6 Rd8 38. Rf1 Bc3 39. Rd1 h6 40. h4
Qg4 41. Rd5 Qe6 42. Qf3 Bf6 43. Qb3 a5 44. Qd1 Be7 0-1

[Event "10. Nordic Cup"]
[Site "Pohja"]
[Date "1985.10.??"]
[Round "5.3"]
[White "Nowak, Ignacy "]
[Black "Mortensen, Erling "]
[Result "0-1"]
[WhiteElo "2435"]
[BlackElo "2450"]
[PlyCount "116"]
[EventDate "1985.10.??"]
[EventType "team-tourn"]
[EventRounds "7"]
[EventCountry "FIN"]
[WhiteTeam "Polen"]
[BlackTeam "Danmark"]
[WhiteTeamCountry "POL"]
[BlackTeamCountry "DEN"]

1. d4 Nf6 2. c4 g6 3. Nc3 Bg7 4. e4 d6 5. h3 O-O 6. Be3 e5 7. d5 a5 8. Nf3 Na6
9. Nd2 Nh5 10. g3 Bd7 11. Be2 Nf6 12. g4 c6 13. Nf1 cxd5 14. cxd5 Nc5 15. Ng3
a4 16. Kf1 Qa5 17. Rb1 b5 18. a3 b4 19. axb4 Qxb4 20. Na2 Qa5 21. f3 Rfb8 22.
Qd2 Qb6 23. Kg2 Nb3 24. Qc3 Nd4 25. Qd2 Be8 26. Bd1 Qa5 27. Qf2 Nd7 28. Ne2 Nb3
29. Nec3 Ndc5 30. Be2 Nd4 31. Bf1 Bd7 32. f4 f5 33. exf5 gxf5 34. g5 Rf8 35.
Qd2 Rac8 36. Bd3 Ndb3 37. Qd1 Nxd3 38. Qxd3 Nc5 39. Qd2 Qa6 40. Rbd1 Qc4 41.
Qe2 Nb3 42. Qxc4 Rxc4 43. Rhf1 Rfc8 44. Rb1 Nc5 45. Rbd1 Ne4 46. Nxe4 Rxe4 47.
Bc1 exf4 48. Bxf4 Rc2+ 49. Rd2 Rxd2+ 50. Bxd2 Bxb2 51. Rf4 Rxf4 52. Bxf4 Bb5
53. Bxd6 Bc4 54. Nb4 a3 55. Kg3 Kf7 56. Kf4 Kg6 57. Be5 Bxd5 58. Nc2 Bc1+ 0-1

[Event "10. Nordic Cup"]
[Site "Pohja"]
[Date "1985.10.??"]
[Round "5.4"]
[White "Fedder, Steen "]
[Black "Przewoznik, Jan "]
[Result "1/2-1/2"]
[WhiteElo "2410"]
[BlackElo "2405"]
[PlyCount "22"]
[EventDate "1985.10.??"]
[EventType "team-tourn"]
[EventRounds "7"]
[EventCountry "FIN"]
[WhiteTeam "Danmark"]
[BlackTeam "Polen"]
[WhiteTeamCountry "DEN"]
[BlackTeamCountry "POL"]

1. d4 Nf6 2. c4 e6 3. Nc3 d5 4. Nf3 Bb4 5. Bg5 Nbd7 6. e3 c5 7. cxd5 exd5 8.
Bb5 Qb6 9. Bxd7+ Nxd7 10. O-O Bxc3 11. bxc3 O-O 1/2-1/2

[Event "10. Nordic Cup"]
[Site "Pohja"]
[Date "1985.10.??"]
[Round "5.5"]
[White "Wiese Jozwiak, Malgorzata "]
[Black "Hoiberg, Nina "]
[Result "1/2-1/2"]
[WhiteElo "2180"]
[BlackElo "2180"]
[PlyCount "106"]
[EventDate "1985.10.??"]
[EventType "team-tourn"]
[EventRounds "7"]
[EventCountry "FIN"]
[WhiteTeam "Polen"]
[BlackTeam "Danmark"]
[WhiteTeamCountry "POL"]
[BlackTeamCountry "DEN"]

1. e4 e5 2. Nf3 Nc6 3. d4 exd4 4. Nxd4 Bc5 5. Nb3 Bb6 6. Nc3 Qf6 7. Qe2 Nge7 8.
h4 h6 9. Be3 Nd4 10. Qd2 Nxb3 11. axb3 Bxe3 12. Qxe3 d6 13. Bb5+ c6 14. Be2 Ng6
15. g3 Ne5 16. f4 Ng4 17. Bxg4 Bxg4 18. Rxa7 O-O 19. O-O Rxa7 20. Qxa7 c5 21.
e5 Qg6 22. Rf2 Bf5 23. Kh2 Qg4 24. Ne2 dxe5 25. Qxb7 Qh3+ 26. Kg1 Rd8 27. Qg2
Rd1+ 28. Rf1 Qxg2+ 29. Kxg2 Bh3+ 30. Kxh3 Rxf1 31. fxe5 Rf2 32. Nf4 Rxc2 33.
Nd3 Kf8 34. Kg4 Ke7 35. Kf5 Kd7 36. g4 Kc6 37. e6 fxe6+ 38. Kxe6 Re2+ 39. Ne5+
Kb5 40. Kf5 Rxb2 41. Kg6 Re2 42. Nf7 Kb4 43. Kxg7 Kxb3 44. g5 hxg5 45. hxg5 Kb4
46. g6 c4 47. Kf8 Ra2 48. g7 Ra8+ 49. Ke7 c3 50. Ne5 c2 51. Nd3+ Kc3 52. Nc1
Kb2 53. Ne2 c1=Q 1/2-1/2

[Event "10. Nordic Cup"]
[Site "Pohja"]
[Date "1985.10.??"]
[Round "6.1"]
[White "Hansen, Curt "]
[Black "Hertneck, Gerald "]
[Result "1-0"]
[WhiteElo "2500"]
[BlackElo "2410"]
[PlyCount "89"]
[EventDate "1985.10.??"]
[EventType "team-tourn"]
[EventRounds "7"]
[EventCountry "FIN"]
[WhiteTeam "Danmark"]
[BlackTeam "Vestyskland"]
[WhiteTeamCountry "DEN"]
[BlackTeamCountry "GER"]

1. d4 Nf6 2. c4 e6 3. Nf3 b6 4. Nc3 Bb4 5. e3 Bb7 6. Bd3 O-O 7. O-O d5 8. cxd5
exd5 9. a3 Be7 10. b4 c5 11. bxc5 bxc5 12. Rb1 Qc8 13. dxc5 Nbd7 14. Bf5 Rb8
15. Ne5 Qxc5 16. Nxd7 Nxd7 17. Bxd7 Qxc3 18. Bb2 Qc7 19. Qg4 f6 20. Qe6+ Kh8
21. Qxe7 Rfd8 22. Rfc1 Qxd7 23. Bxf6 Qxe7 24. Bxe7 Rd7 25. Bc5 a6 26. Bd4 Kg8
27. f3 Kf7 28. Rb6 Re8 29. Kf2 Re6 30. Rcb1 Rxb6 31. Rxb6 Rc7 32. g4 g6 33. h4
Ke8 34. Kg3 Rf7 35. Bf6 Rc7 36. Kf4 Rd7 37. Bd4 Kf7 38. Kg5 Ke8 39. f4 Rf7 40.
h5 gxh5 41. Kxh5 Kf8 42. f5 Ke8 43. Kh6 Rc7 44. Bg7 Bc8 45. Kxh7 1-0

[Event "10. Nordic Cup"]
[Site "Pohja"]
[Date "1985.10.??"]
[Round "6.2"]
[White "Gruen, Peter "]
[Black "Hoi, Carsten"]
[Result "0-1"]
[WhiteElo "2410"]
[BlackElo "2420"]
[PlyCount "88"]
[EventDate "1985.10.??"]
[EventType "team-tourn"]
[EventRounds "7"]
[EventCountry "FIN"]
[WhiteTeam "Vestyskland"]
[BlackTeam "Danmark"]
[WhiteTeamCountry "GER"]
[BlackTeamCountry "DEN"]

1. d4 g6 2. Nf3 Bg7 3. c4 d6 4. g3 Nf6 5. Bg2 O-O 6. O-O Bg4 7. Nc3 Nc6 8. d5
Na5 9. Nd2 c5 10. Rb1 Qc8 11. Re1 Bh3 12. e4 e5 13. Qe2 b6 14. a3 Bh6 15. Bxh3
Qxh3 16. b4 Nb7 17. Nf1 Bxc1 18. Rexc1 Nh5 19. Ne3 f5 20. Qf1 Qxf1+ 21. Nxf1
Rf7 22. Nd2 Nf6 23. Kg2 Raf8 24. Rf1 h6 25. f3 h5 26. exf5 gxf5 27. Nb5 a6 28.
Nc3 h4 29. bxc5 bxc5 30. Rb6 Rg7 31. Kf2 e4 32. fxe4 Ng4+ 33. Ke2 Nxh2 34. Rxf5
hxg3 35. Rxf8+ Kxf8 36. Nf3 Rf7 37. Ng1 g2 38. Ke3 Na5 39. Rb8+ Kg7 40. Kd3 Nf3
41. Nce2 Nxg1 42. Nxg1 Rf1 43. Ne2 Rf3+ 44. Kd2 Nxc4+ 0-1

[Event "10. Nordic Cup"]
[Site "Pohja"]
[Date "1985.10.??"]
[Round "6.3"]
[White "Mortensen, Erling "]
[Black "Eng, Holger "]
[Result "1/2-1/2"]
[WhiteElo "2450"]
[BlackElo "2380"]
[PlyCount "48"]
[EventDate "1985.10.??"]
[EventType "team-tourn"]
[EventRounds "7"]
[EventCountry "FIN"]
[WhiteTeam "Danmark"]
[BlackTeam "Vestyskland"]
[WhiteTeamCountry "DEN"]
[BlackTeamCountry "GER"]

1. e4 e5 2. Nf3 Nf6 3. Nxe5 d6 4. Nf3 Nxe4 5. d4 d5 6. Bd3 Nc6 7. O-O Bg4 8. c4
Nf6 9. cxd5 Bxf3 10. Qxf3 Qxd5 11. Qh3 Nxd4 12. Re1+ Be7 13. Nc3 Qd7 14. Qxd7+
Kxd7 15. Be3 Ne6 16. Rad1 Bd6 17. Bf5 a6 18. Na4 Rae8 19. Bg5 Ke7 20. Nc3 Kf8
21. Bxf6 gxf6 22. g3 Kg7 23. Kg2 Nc5 24. Ne4 Nxe4 1/2-1/2

[Event "10. Nordic Cup"]
[Site "Pohja"]
[Date "1985.10.??"]
[Round "6.4"]
[White "Heinbuch, Detlef "]
[Black "Fedder, Steen "]
[Result "1-0"]
[WhiteElo "2360"]
[BlackElo "2410"]
[PlyCount "76"]
[EventDate "1985.10.??"]
[EventType "team-tourn"]
[EventRounds "7"]
[EventCountry "FIN"]
[WhiteTeam "Vestyskland"]
[BlackTeam "Danmark"]
[WhiteTeamCountry "GER"]
[BlackTeamCountry "DEN"]

1. d4 Nf6 2. Nf3 g6 3. c4 Bg7 4. g3 O-O 5. Bg2 c5 6. d5 d6 7. Nc3 a6 8. a4 e5
9. e4 h6 10. O-O Nbd7 11. Ne1 Nh7 12. Nd3 Qe7 13. Bd2 Ng5 14. Qc2 Nf6 15. Rae1
Nh5 16. Kh1 f5 17. f4 Nf7 18. exf5 Bxf5 19. Be4 Bxe4+ 20. Nxe4 Qd7 21. fxe5
Nxe5 22. Nxe5 dxe5 23. Kg2 b6 24. Qb3 Qc7 25. Be3 a5 26. Rd1 Kh7 27. Qb5 Nf6
28. Nxf6+ Bxf6 29. Qc6 Qxc6 30. dxc6 g5 31. Rd6 Kg7 32. Bd2 Be7 33. Rd7 Rxf1
34. Kxf1 Kf6 35. Rb7 Rc8 36. Rxb6 Bd6 37. c7 Ke6 38. Bxa5 Ra8 1-0